Invertebrates: A quick reference guide

保存先:
書誌詳細
第一著者: Julian Sprung
フォーマット: 図書
言語:Undetermined
出版事項: Miami, FL Ricordea 2001
主題:
タグ: タグ追加
タグなし, このレコードへの初めてのタグを付けませんか!
Thư viện lưu trữ: Trung tâm Học liệu Trường Đại học Cần Thơ
LEADER 00452nam a2200181Ia 4500
001 CTU_67444
008 210402s9999 xx 000 0 und d
020 |b 33 
082 |a 592 
082 |b S771 
100 |a Julian Sprung 
245 0 |a Invertebrates: A quick reference guide 
260 |a Miami, FL 
260 |b Ricordea 
260 |c 2001 
650 |a invertebrates 
904 |i Minh 
980 |a Trung tâm Học liệu Trường Đại học Cần Thơ